000 00600nmm a22001817a 4500
005 20140516020002.0
008 131213b ck ||||| |||| 00| 0 spa d
041 _aspa
044 _ack
090 _aLB
_b05864
110 _aMinisterio de Ambiente, Vivienda y Desarrollo Territorial
_92898
245 _aParques Nacionales Naturales de Colombia :
_bVideos territorial Caribe
260 _as.f.
_bParques Nacionales Naturales
_bMinisterio de Ambiente, Vivienda y Desarrollo Territorial
_cs.l.
300 _a51 min.,
_c13 cm
500 _aVideos
505 _aIncluye contenido
942 _2z
_cCD-ROM
_01
999 _c8050
_d8050